000 00782nam a2200229Ia 4500
008 191130s2008##################000#0#eng##
020 _a9780521872744
022 _a2007024346
040 _aACL
_cACL
082 _a382.09034 PAH
100 _aPahre, Robert
245 _aPolitics and trade cooperation in the nineteenth century : the "agreeable customs" of 1815-1914
_cRobert Pahre
250 _a1st ed
260 _aCambridge
_bCambridge University Press
_c2008
300 _axvii, 426 p. : ill. ; 24 cm
500 _aIncludes bibliographical references and index
650 _aInternational trade - History - 19th century
650 _aInternational trade - History - 20th century
990 _a4a6a0342ac10000c7ce67684e82cc8bb
991 _a293142
999 _c39474
_d39474